00834naa#a2200181#i#4500001001600000005001700016011001400033100004100047102000700088200021000095210005600305215001000361608004500371675010400416700006400520700005400584856001400638RU\\bibl\12047320260426085304.7##a2782-4586##a20260331b2026####ek#y0rusy0150####ca##aRU1#aКачественные и количественные методы исследования социальной удовлетворенности населенияeЖурнальная статья1#aМоскваcУниверситет ИТБОd2026##a4 с.##aЖурнальная статья2local##aЭкономические науки в целом. Политическая экономия. 330#1aКорниловаgЕкатерина Васильевна#1aКустоваgМарина Николаевна4#ajomeam.ru